000 00461nam a2200169Ia 4500
008 210210b1993 xxu||||| |||| 00| 0 eng d
082 _a030 GREA
100 _aGreat books
245 _aGreat books of western world.60V. V5-Herodotus Thucydides.
250 _a
260 _aChicago.
_bEncyclopaedia Britanica, Inc, William Benton.,
_c1993
300 _a616
440 _a5
650 _aHerodotus Thucydides
690 _aEncyclopaedia
906 _a049144
999 _c98302
_d98302